[Event "Norwegian Team Championship 2019"]
[Site "Drammen"]
[Date "2019.06.01"]
[Round "3.16"]
[White "Dolzhikova, Olga"]
[Black "Juriloo, Karl"]
[Result "1/2-1/2"]
[WhiteElo "2210"]
[BlackElo "1978"]
[Annotator "ChessBase"]
[PlyCount "120"]
[EventDate "2019.05.30"]
[EventType "swiss"]
[EventCountry "NOR"]
[SourceTitle "playchess.com"]
[Source "ChessBase"]
[SourceQuality "1"]
[TimeControl "40/5400:1800"]

1. e4 {[%emt 0:00:00]} c5 {[%emt 0:00:08]} 2. c3 {[%emt 0:00:04]} d5 {[%emt 0:00:16]} 3. exd5 {[%emt 0:00:04]} Qxd5 {[%emt 0:00:05]} 4. d4 {[%emt 0:00:02]} Nf6 {[%emt 0:00:18]} 5. Nf3 {[%emt 0:00:23]} e6 {[%emt 0:01:04]} 6. Bd3 {[%emt 0:00:21]} Be7 {[%emt 0:00:45]} 7. O-O {[%emt 0:01:16]} O-O {[%emt 0:00:08]} 8. Be3 {[%emt 0:01:37]} b6 {[%emt 0:11:01]} 9. Qe2 {[%emt 0:11:37]} Bb7 {[%emt 0:02:35]} 10. dxc5 {[%emt 0:04:01]} Ng4 {[%emt 0:18:42]} 11. Nbd2 {[%emt 0:31:05]} Nxe3 {[%emt 0:20:57]} 12. Be4 {[%emt 0:02:26]} Qh5 {[%emt 0:02:24]} 13. Bxb7 {[%emt 0:03:16]} Nxf1 {[%emt 0:00:07]} 14. Nxf1 {[%emt 0:00:53]} Nd7 {[%emt 0:00:35]} 15. Bxa8 {[%emt 0:00:28]} Rxa8 {[%emt 0:00:09]} 16. cxb6 {[%emt 0:00:13]} axb6 {[%emt 0:02:18]} 17. Ng3 {[%emt 0:01:38]} Qg4 {[%emt 0:04:46]} 18. h3 {[%emt 0:02:59]} Qf4 {[%emt 0:01:20]} 19. Qe4 {[%emt 0:03:55]} Qxe4 {[%emt 0:00:09]} 20. Nxe4 {[%emt 0:00:03]} f5 {[%emt 0:00:35]} 21. Ned2 {[%emt 0:00:10]} Bf6 {[%emt 0:01:58]} 22. Nb3 {[%emt 0:00:55]} e5 {[%emt 0:01:05]} 23. Kf1 {[%emt 0:00:47]} Kf7 {[%emt 0:00:07]} 24. Ke2 {[%emt 0:00:10]} Ra4 {[%emt 0:00:52]} 25. a3 {[%emt 0:01:22]} g5 {[%emt 0:00:58]} 26. Rd1 {[%emt 0:01:14]} Ke6 {[%emt 0:00:13]} 27. Ne1 {[%emt 0:02:52]} h5 {[%emt 0:04:47]} 28. Nc2 {[%emt 0:00:32]} Nc5 {[%emt 0:00:12]} 29. Nxc5+ {[%emt 0:06:30]} bxc5 {[%emt 0:00:06]} 30. Ne3 {[%emt 0:01:09]} e4 {[%emt 0:00:42]} 31. Nd5 {[%emt 0:01:29]} Be5 {[%emt 0:00:20]} 32. Nb6 {[%emt 0:00:28]} Ra7 {[%emt 0:01:32]} 33. Nc4 {[%emt 0:00:36]} Rb7 {[%emt 0:00:12]} 34. Rd8 {[%emt 0:00:30]} f4 {[%emt 0:00:59]} 35. Re8+ {[%emt 0:02:37]} Kd5 {[%emt 0:00:06]} 36. Rxe5+ {[%emt 0:00:17]} Kxc4 {[%emt 0:00:13]} 37. b4 {[%emt 0:00:08]} cxb4 {[%emt 0:01:03]} 38. cxb4 {[%emt 0:00:40]} Kd4 {[%emt 0:00:15]} 39. Rxg5 {[%emt 0:00:15]} Ra7 {[%emt 0:00:44]} 40. Ra5 {[%emt 0:00:26]} Rc7 {[%emt 0:00:21]} 41. Rc5 {[%emt 0:07:12]} Ra7 {[%emt 0:00:16]} 42. f3 {[%emt 0:06:08]} Rxa3 {[%emt 0:04:52]} 43. fxe4 {[%emt 0:00:07]} Rb3 {[%emt 0:06:21]} 44. Rxh5 {[%emt 0:01:22]} Kxe4 {[%emt 0:00:30]} 45. b5 {[%emt 0:09:05]} Rb2+ {[%emt 0:03:47]} 46. Kf1 {[%emt 0:00:03]} Rb1+ {[%emt 0:00:36]} 47. Kf2 {[%emt 0:00:05]} Rb2+ {[%emt 0:00:07]} 48. Kg1 {[%emt 0:00:18]} f3 {[%emt 0:03:22]} 49. gxf3+ {[%emt 0:00:20]} Kxf3 {[%emt 0:00:11]} 50. Rf5+ {[%emt 0:02:15]} Kg3 {[%emt 0:02:34]} 51. Rg5+ {[%emt 0:00:49]} Kxh3 {[%emt 0:00:50]} 52. Kf1 {[%emt 0:00:07]} Kh4 {[%emt 0:00:06]} 53. Rc5 {[%emt 0:00:06]} Kg4 {[%emt 0:00:28]} 54. Ke1 {[%emt 0:00:03]} Kf4 {[%emt 0:00:12]} 55. Kd1 {[%emt 0:00:11]} Ke4 {[%emt 0:00:10]} 56. Rh5 {[%emt 0:00:12]} Kd3 {[%emt 0:01:19]} 57. Kc1 {[%emt 0:00:04]} Rb4 {[%emt 0:00:26]} 58. Rg5 {[%emt 0:00:08]} Kc4 {[%emt 0:00:13]} 59. Rg4+ {[%emt 0:00:19]} Kxb5 {[%emt 0:00:05]} 60. Rxb4+ {[%emt 0:00:03]} Kxb4 {[%emt 0:00:05]} 1/2-1/2

[Event "Norwegian Team Championship 2019"]
[Site "Drammen"]
[Date "2019.06.01"]
[Round "3.17"]
[White "Kaasen, Tor Fredrik"]
[Black "Abdrlauf, Elham"]
[Result "1/2-1/2"]
[WhiteElo "2398"]
[BlackElo "2231"]
[Annotator "ChessBase"]
[PlyCount "58"]
[EventDate "2019.05.30"]
[EventType "swiss"]
[EventCountry "NOR"]
[SourceTitle "playchess.com"]
[Source "ChessBase"]
[SourceQuality "1"]
[TimeControl "40/5400:1800"]

1. Nf3 {[%emt 0:00:36]} d5 {[%emt 0:00:13]} 2. d4 {[%emt 0:00:26]} Nf6 {[%emt 0:00:20]} 3. c4 {[%emt 0:00:29]} c6 {[%emt 0:00:15]} 4. Nc3 {[%emt 0:01:33]} a6 {[%emt 0:07:35]} 5. e3 {[%emt 0:01:47]} Bf5 {[%emt 0:02:18]} 6. Be2 {[%emt 0:02:30]} b5 {[%emt 0:05:27]} 7. b3 {[%emt 0:01:26]} Nbd7 {[%emt 0:02:25]} 8. O-O {[%emt 0:00:36]} e6 {[%emt 0:01:28]} 9. Bb2 {[%emt 0:01:10]} Rb8 {[%emt 0:08:18]} 10. c5 {[%emt 0:04:52]} Bg4 {[%emt 0:03:44]} 11. Re1 {[%emt 0:01:13]} Be7 {[%emt 0:02:46]} 12. Nd2 {[%emt 0:06:20]} Bf5 {[%emt 0:01:44]} 13. Bf1 {[%emt 0:02:32]} O-O {[%emt 0:02:54]} 14. h3 {[%emt 0:02:16]} Qc7 {[%emt 0:06:20]} 15. g4 {[%emt 0:01:28]} Bg6 {[%emt 0:00:02]} 16. f4 {[%emt 0:00:24]} b4 {[%emt 0:08:39]} 17. Ne2 {[%emt 0:01:08]} Ne4 {[%emt 0:00:23]} 18. Nxe4 {[%emt 0:00:50]} Bxe4 {[%emt 0:00:02]} 19. Ng3 {[%emt 0:00:07]} Bh4 {[%emt 0:00:04]} 20. Kh2 {[%emt 0:06:38]} a5 {[%emt 0:16:11]} 21. Bg2 {[%emt 0:06:51]} Bxg2 {[%emt 0:00:12]} 22. Kxg2 {[%emt 0:00:05]} Bxg3 {[%emt 0:00:04]} 23. Kxg3 {[%emt 0:00:09]} Nf6 {[%emt 0:00:04]} 24. Qe2 {[%emt 0:03:36]} Ne4+ {[%emt 0:00:19]} 25. Kg2 {[%emt 0:00:07]} Ra8 {[%emt 0:01:05]} 26. a4 {[%emt 0:04:27]} bxa3 {[%emt 0:00:14]} 27. Rxa3 {[%emt 0:00:06]} Rab8 {[%emt 0:00:23]} 28. Rea1 {[%emt 0:01:39]} Rb5 {[%emt 0:00:02]} 29. Qc2 {[%emt 0:00:59]} Rfb8 {[%emt 0:05:48]} 1/2-1/2

[Event "Norwegian Team Championship 2019"]
[Site "Drammen"]
[Date "2019.06.01"]
[Round "3.18"]
[White "Melaa, Sondre"]
[Black "Fossum, Oystein Boyum"]
[Result "0-1"]
[WhiteElo "2038"]
[BlackElo "2258"]
[Annotator "ChessBase"]
[PlyCount "199"]
[EventDate "2019.05.30"]
[EventType "swiss"]
[EventCountry "NOR"]
[SourceTitle "playchess.com"]
[Source "ChessBase"]
[SourceQuality "1"]
[TimeControl "40/5400:1800"]

1. d4 {[%emt 0:00:04]} Nf6 {[%emt 0:01:27]} 2. Bg5 {[%emt 0:00:37]} e6 {[%emt 0:01:00]} 3. e4 {[%emt 0:00:55]} c5 {[%emt 0:00:32]} 4. e5 {[%emt 0:14:55]} h6 {[%emt 0:00:20]} 5. Bc1 {[%emt 0:01:34]} Nd5 {[%emt 0:01:15]} 6. c4 {[%emt 0:01:18]} Nb6 {[%emt 0:01:25]} 7. Be3 {[%emt 0:04:21]} cxd4 {[%emt 0:06:25]} 8. Bxd4 {[%emt 0:09:54]} Qc7 {[%emt 0:14:13]} 9. a3 {[%emt 0:18:43]} Nc6 {[%emt 0:04:58]} 10. Nf3 {[%emt 0:01:04]} Nxd4 {[%emt 0:02:59]} 11. Qxd4 {[%emt 0:00:53]} d6 {[%emt 0:01:02]} 12. Nc3 {[%emt 0:04:25]} Bd7 {[%emt 0:01:48]} 13. exd6 {[%emt 0:02:23]} Qxd6 {[%emt 0:02:19]} 14. Qxd6 {[%emt 0:01:43]} Bxd6 {[%emt 0:00:04]} 15. b4 {[%emt 0:00:12]} Na4 {[%emt 0:05:30]} 16. Ne4 {[%emt 0:03:43]} Bf4 {[%emt 0:08:02]} 17. Bd3 {[%emt 0:03:39]} Rc8 {[%emt 0:09:05]} 18. c5 {[%emt 0:02:21]} b6 {[%emt 0:08:04]} 19. g3 {[%emt 0:00:51]} Bb8 {[%emt 0:00:44]} 20. Ba6 {[%emt 0:01:16]} Rd8 {[%emt 0:01:01]} 21. Rc1 {[%emt 0:03:56]} Bc6 {[%emt 0:01:39]} 22. Ned2 {[%emt 0:01:29]} bxc5 {[%emt 0:02:29]} 23. O-O {[%emt 0:01:16]} Bd6 {[%emt 0:00:52]} 24. Kg2 {[%emt 0:02:00]} O-O {[%emt 0:02:59]} 25. Nc4 {[%emt 0:01:34]} cxb4 {[%emt 0:00:36]} 26. Rfd1 {[%emt 0:00:43]} Be7 {[%emt 0:01:09]} 27. axb4 {[%emt 0:00:08]} Bxb4 {[%emt 0:00:20]} 28. Nce5 {[%emt 0:00:12]} Bd5 {[%emt 0:00:42]} 29. Rd4 {[%emt 0:01:13]} Bxf3+ {[%emt 0:02:20]} 30. Nxf3 {[%emt 0:00:02]} Rxd4 {[%emt 0:00:14]} 31. Nxd4 {[%emt 0:00:01]} Nc5 {[%emt 0:00:04]} 32. Bb5 {[%emt 0:00:32]} a6 {[%emt 0:02:29]} 33. Rc4 {[%emt 0:00:24]} Ba3 {[%emt 0:00:58]} 34. Bc6 {[%emt 0:00:16]} Rc8 {[%emt 0:00:13]} 35. Bf3 {[%emt 0:00:05]} a5 {[%emt 0:00:18]} 36. Nc2 {[%emt 0:00:17]} Bc1 {[%emt 0:00:05]} 37. Nd4 {[%emt 0:00:06]} Ba3 {[%emt 0:00:11]} 38. Nc6 {[%emt 0:00:04]} Rc7 {[%emt 0:00:04]} 39. Nxa5 {[%emt 0:00:03]} Kf8 {[%emt 0:00:02]} 40. Rc2 {[%emt 0:00:19]} Ke7 {[%emt 0:00:01]} 41. Nc4 {[%emt 0:30:01]} Bb4 {[%emt 0:30:01]} 42. Nb6 {[%emt 0:00:02]} Kd6 {[%emt 0:00:03]} 43. Rc4 {[%emt 0:00:00]} Ba5 {[%emt 0:00:00]} 44. Na4 {[%emt 0:00:00]} Nd7 {[%emt 0:00:00]} 45. Rxc7 {[%emt 0:00:00]} Kxc7 {[%emt 0:00:00]} 46. Nb2 {[%emt 0:00:00]} Bc3 {[%emt 0:00:00]} 47. Nc4 {[%emt 0:00:00]} Bd4 {[%emt 0:00:00]} 48. Kf1 {[%emt 0:00:00]} Nc5 {[%emt 0:00:00]} 49. Ke2 {[%emt 0:00:00]} Kd7 {[%emt 0:00:00]} 50. Nd2 {[%emt 0:00:00]} f5 {[%emt 0:00:00]} 51. Bg2 {[%emt 0:00:00]} Ke7 {[%emt 0:00:00]} 52. f4 {[%emt 0:00:00]} Kf6 {[%emt 0:00:00]} 53. Nf3 {[%emt 0:00:00]} Bc3 {[%emt 0:00:00]} 54. Ke3 {[%emt 0:00:00]} g5 {[%emt 0:00:00]} 55. h3 {[%emt 0:00:00]} Ba5 {[%emt 0:00:00]} 56. Ne5 {[%emt 0:00:00]} Be1 {[%emt 0:00:00]} 57. Kf3 {[%emt 0:00:00]} Ne4 {[%emt 0:00:00]} 58. g4 {[%emt 0:00:00]} gxf4 {[%emt 0:00:00]} 59. Nd3 {[%emt 0:00:00]} Bd2 {[%emt 0:00:00]} 60. Nxf4 {[%emt 0:00:00]} Ng5+ {[%emt 0:00:00]} 61. Kg3 {[%emt 0:00:00]} Be1+ {[%emt 0:00:00]} 62. Kh2 {[%emt 0:00:00]} Bh4 {[%emt 0:00:00]} 63. gxf5 {[%emt 0:00:00]} Kxf5 {[%emt 0:00:00]} 64. Ne2 {[%emt 0:00:00]} e5 {[%emt 0:00:00]} 65. Bc6 {[%emt 0:00:00]} e4 {[%emt 0:00:00]} 66. Ng3+ {[%emt 0:00:00]} Bxg3+ {[%emt 0:00:00]} 67. Kxg3 {[%emt 0:00:00]} Nf3 {[%emt 0:00:00]} 68. Bb7 {[%emt 0:00:00]} Nd2 {[%emt 0:00:00]} 69. Ba6 {[%emt 0:00:00]} Nb3 {[%emt 0:00:00]} 70. Kh4 {[%emt 0:00:00]} Nc5 {[%emt 0:00:00]} 71. Be2 {[%emt 0:00:00]} Nd3 {[%emt 0:00:00]} 72. Bd1 {[%emt 0:00:00]} Nf4 {[%emt 0:00:00]} 73. Kg3 {[%emt 0:00:00]} Kg5 {[%emt 0:00:00]} 74. Bc2 {[%emt 0:00:00]} Kf5 {[%emt 0:00:00]} 75. Bd1 {[%emt 0:00:00]} Ke5 {[%emt 0:00:00]} 76. Kg4 {[%emt 0:00:00]} h5+ {[%emt 0:00:00]} 77. Kg5 {[%emt 0:00:00]} Nxh3+ {[%emt 0:00:00]} 78. Kxh5 {[%emt 0:00:00]} Nf2 {[%emt 0:00:00]} 79. Be2 {[%emt 0:00:00]} Kf4 {[%emt 0:00:00]} 80. Kh4 {[%emt 0:00:00]} Ke3 {[%emt 0:00:00]} 81. Bh5 {[%emt 0:00:00]} Nd3 {[%emt 0:00:00]} 82. Kg3 {[%emt 0:00:01]} Nf4 {[%emt 0:00:00]} 83. Bg4 {[%emt 0:00:04]} Ne2+ {[%emt 0:00:00]} 84. Kg2 {[%emt 0:00:02]} Kd2 {[%emt 0:00:00]} 85. Kf2 {[%emt 0:00:01]} Nf4 {[%emt 0:00:00]} 86. Bd7 {[%emt 0:00:05]} Nd3+ {[%emt 0:00:00]} 87. Kf1 {[%emt 0:00:01]} Nf4 {[%emt 0:00:00]} 88. Kf2 {[%emt 0:00:03]} e3+ {[%emt 0:00:00]} 89. Kf3 {[%emt 0:00:03]} e2 {[%emt 0:00:00]} 90. Kxf4 {[%emt 0:00:01]} e1=Q {[%emt 0:00:00]} 91. Bf5 {[%emt 0:00:00]} Qe3+ 92. Kg4 Kc3 {[%emt 0:00:00]} 93. Kh5 Kd4 94. Kg6 {[%emt 0:00:02]} Qf4 {[%emt 0:00:00]} 95. Kf6 Qe5+ 96. Kg6 {[%emt 0:00:01]} Kc5 97. Kg5 Kd6 98. Kg4 Qf6 {[%emt 0:00:00]} 99. Kf4 {[%emt 0:00:01]} Kd5 {[%emt 0:00:00]} 100. Kf3 0-1

[Event "Norwegian Team Championship 2019"]
[Site "Drammen"]
[Date "2019.06.01"]
[Round "3.19"]
[White "Kvisvik, Brede Alex."]
[Black "Tunsjo, Axel"]
[Result "1-0"]
[WhiteElo "2244"]
[BlackElo "2002"]
[Annotator "ChessBase"]
[PlyCount "67"]
[EventDate "2019.05.30"]
[EventType "swiss"]
[EventCountry "NOR"]
[SourceTitle "playchess.com"]
[Source "ChessBase"]
[SourceQuality "1"]
[TimeControl "40/5400:1800"]

1. d4 {[%emt 0:00:02]} Nf6 {[%emt 0:00:58]} 2. c4 {[%emt 0:00:29]} e6 {[%emt 0:01:07]} 3. g3 {[%emt 0:00:08]} d5 {[%emt 0:04:44]} 4. Bg2 {[%emt 0:00:26]} c6 {[%emt 0:00:46]} 5. Nf3 {[%emt 0:00:21]} Bd6 {[%emt 0:02:09]} 6. O-O {[%emt 0:00:11]} O-O {[%emt 0:00:10]} 7. Nfd2 {[%emt 0:00:02]} Nbd7 {[%emt 0:02:07]} 8. Nc3 {[%emt 0:01:17]} Re8 {[%emt 0:04:22]} 9. e4 {[%emt 0:00:06]} dxe4 {[%emt 0:00:07]} 10. Ndxe4 {[%emt 0:00:31]} Nxe4 {[%emt 0:00:43]} 11. Nxe4 {[%emt 0:00:07]} Be7 {[%emt 0:00:26]} 12. Qc2 {[%emt 0:03:53]} Nf6 {[%emt 0:24:50]} 13. Rd1 {[%emt 0:00:15]} h6 {[%emt 0:00:59]} 14. Bf4 {[%emt 0:06:29]} Nxe4 {[%emt 0:06:10]} 15. Bxe4 {[%emt 0:00:29]} Bd7 {[%emt 0:00:18]} 16. d5 {[%emt 0:05:30]} cxd5 {[%emt 0:02:22]} 17. cxd5 {[%emt 0:00:23]} Qb6 {[%emt 0:03:40]} 18. Bc7 {[%emt 0:06:03]} Qb5 {[%emt 0:05:28]} 19. Rd4 {[%emt 0:10:32]} a5 {[%emt 0:10:59]} 20. Rc1 {[%emt 0:13:20]} Qa6 {[%emt 0:01:31]} 21. d6 {[%emt 0:02:53]} Bg5 {[%emt 0:00:58]} 22. Rcd1 {[%emt 0:03:13]} Bf6 {[%emt 0:00:06]} 23. Rc4 {[%emt 0:07:53]} Rac8 {[%emt 0:02:36]} 24. Rc5 {[%emt 0:03:03]} b6 {[%emt 0:00:37]} 25. Bc6 {[%emt 0:00:20]} Red8 {[%emt 0:04:32]} 26. Bxd7 {[%emt 0:02:20]} Rxd7 {[%emt 0:00:01]} 27. Bxb6 {[%emt 0:02:21]} Rb8 {[%emt 0:00:03]} 28. Bxa5 {[%emt 0:01:17]} g6 {[%emt 0:00:56]} 29. b4 {[%emt 0:03:42]} Bd8 {[%emt 0:01:40]} 30. Rc6 {[%emt 0:01:56]} Qa8 {[%emt 0:01:19]} 31. Bxd8 {[%emt 0:02:43]} Rbxd8 {[%emt 0:01:05]} 32. a4 {[%emt 0:00:19]} Qb8 {[%emt 0:00:11]} 33. b5 {[%emt 0:00:31]} Rxd6 {[%emt 0:00:20]} 34. Rdxd6 {[%emt 0:00:06]} 1-0

[Event "Norwegian Team Championship 2019"]
[Site "Drammen"]
[Date "2019.06.01"]
[Round "3.20"]
[White "Sidali, Elias Hulleberg"]
[Black "Stenersen, Gudmund"]
[Result "1/2-1/2"]
[WhiteElo "1953"]
[BlackElo "2183"]
[Annotator "ChessBase"]
[PlyCount "83"]
[EventDate "2019.05.30"]
[EventType "swiss"]
[EventCountry "NOR"]
[SourceTitle "playchess.com"]
[Source "ChessBase"]
[SourceQuality "1"]
[TimeControl "40/5400:1800"]

1. e4 {[%emt 0:00:03]} e5 {[%emt 0:00:04]} 2. Nf3 {[%emt 0:00:07]} Nc6 {[%emt 0:00:04]} 3. Nc3 {[%emt 0:00:03]} Bb4 {[%emt 0:01:09]} 4. Nd5 {[%emt 0:00:01]} Bc5 {[%emt 0:00:11]} 5. c3 {[%emt 0:00:58]} d6 {[%emt 0:01:34]} 6. b4 {[%emt 0:01:18]} Bb6 {[%emt 0:01:32]} 7. a4 {[%emt 0:00:17]} a5 {[%emt 0:03:02]} 8. b5 {[%emt 0:01:25]} Nb8 {[%emt 0:04:15]} 9. Nxb6 {[%emt 0:00:26]} cxb6 {[%emt 0:00:06]} 10. d4 {[%emt 0:07:33]} Qc7 {[%emt 0:02:25]} 11. c4 {[%emt 0:00:27]} Nf6 {[%emt 0:02:17]} 12. Ba3 {[%emt 0:10:09]} Nxe4 {[%emt 0:12:31]} 13. dxe5 {[%emt 0:00:14]} dxe5 {[%emt 0:01:08]} 14. Qd5 {[%emt 0:02:13]} Nc5 {[%emt 0:00:26]} 15. Bxc5 {[%emt 0:02:53]} bxc5 {[%emt 0:01:10]} 16. Qxe5+ {[%emt 0:00:55]} Qxe5+ {[%emt 0:00:11]} 17. Nxe5 {[%emt 0:00:05]} Be6 {[%emt 0:01:50]} 18. O-O-O {[%emt 0:01:10]} Ke7 {[%emt 0:04:06]} 19. Kb2 {[%emt 0:03:48]} Rc8 {[%emt 0:04:33]} 20. Be2 {[%emt 0:00:40]} f6 {[%emt 0:00:36]} 21. Ng4 {[%emt 0:00:00]} Nd7 {[%emt 0:01:21]} 22. Bf3 {[%emt 0:01:16]} Nb6 {[%emt 0:05:29]} 23. Rhe1 {[%emt 0:00:17]} Kf7 {[%emt 0:04:46]} 24. Ne3 {[%emt 0:01:53]} Rd8 {[%emt 0:07:45]} 25. Kb3 {[%emt 0:02:30]} Rd4 {[%emt 0:02:19]} 26. Rxd4 {[%emt 0:00:12]} cxd4 {[%emt 0:00:06]} 27. Nd5 {[%emt 0:00:04]} Bxd5 {[%emt 0:11:31]} 28. Bxd5+ {[%emt 0:00:52]} Nxd5 {[%emt 0:00:14]} 29. cxd5 {[%emt 0:00:09]} Rc8 {[%emt 0:05:25]} 30. Re4 {[%emt 0:00:00]} d3 {[%emt 0:01:31]} 31. d6 {[%emt 0:01:19]} d2 {[%emt 0:00:21]} 32. Rd4 {[%emt 0:00:04]} Ke6 {[%emt 0:00:28]} 33. Rxd2 {[%emt 0:01:33]} Kd7 {[%emt 0:00:14]} 34. Rd4 {[%emt 0:03:30]} Rc5 {[%emt 0:00:29]} 35. g3 {[%emt 0:00:55]} h5 {[%emt 0:00:32]} 36. f4 {[%emt 0:01:59]} f5 {[%emt 0:00:57]} 37. Rd1 {[%emt 0:02:39]} g6 {[%emt 0:00:19]} 38. Rd4 {[%emt 0:00:30]} b6 {[%emt 0:00:17]} 39. h4 {[%emt 0:00:43]} Rc1 {[%emt 0:00:11]} 40. Rc4 {[%emt 0:00:07]} Rxc4 {[%emt 0:00:21]} 41. Kxc4 {[%emt 0:30:09]} Kxd6 {[%emt 0:30:07]} 42. Kd4 {[%emt 0:00:06]} 1/2-1/2

[Event "Norwegian Team Championship 2019"]
[Site "Drammen"]
[Date "2019.06.01"]
[Round "4.1"]
[White "Gronn, Atle"]
[Black "Hammer, Jon Ludvig"]
[Result "1/2-1/2"]
[WhiteElo "2359"]
[BlackElo "2645"]
[Annotator "TA"]
[PlyCount "131"]
[EventDate "2019.05.30"]
[EventType "swiss"]
[EventCountry "NOR"]
[SourceTitle "playchess.com"]
[Source "ChessBase"]
[SourceQuality "1"]

{[%evp 14,131,21,11,19,10,14,0,21,0,0,-41,-33,-34,-25,-34,-34,-69,-29,-37,-33,-29,-29,-54,-43,-49,-19,-48,-41,-42,-50,-50,-54,-46,-25,-43,-36,-62,0,-33,-2,-5,0,-26,-9,-49,-12,-41,-21,-19,-11,-40,-47,-61,-23,-27,-20,-61,0,0,0,0,12,0,0,0,0,0,0,0,40,41,91,90,64,55,119,127,108,105,109,36,241,222,431,425,422,433,422,398,403,398,428,419,425,422,420,415,409,415,496,495,496,501,506,497,500,497,485,463,652,463,525,453,437,0,495,0,584,194]} 1. Nf3 c5 2. e4 d6 3. Bb5+ Nd7 4. d4 cxd4 5. Qxd4 a6 6. Bxd7+ Bxd7 7. O-O e5 8. Qd3 Rc8 {Black wants to play ...Bb5. B51: Sicilian: Moscow Variation (3 Bb5+) without 3...Bd7} (8... h6 9. a4 Nf6 10. a5 Be7 11. c4 b5 12. axb6 Qxb6 13. Nc3 O-O 14. Be3 Qb7 15. h3 Rfc8 16. Nd2 Be6 17. Rfb1 a5 18. b3 Ra6 19. Ra2 Bd7 20. Rba1 {½-½ (20) Wang,H (2730)-Nepomniachtchi,I (2763) St Petersburg 2018}) 9. c4 b5 10. Na3 {[%cal Rc4b5]} Qb6 $1 {The position is equal.} 11. Rd1 Qb7 12. Bg5 h6 $1 {[%cal Rh6g5]} 13. Bh4 g5 14. Bg3 {[#]} Be7 $146 ({Predecessor:} 14... Nf6 15. Nd2 {1-0 (58) Glek,I (2431)-Smirnov,P (2618) Moscow 2013}) 15. Nd2 Nf6 16. Rac1 O-O 17. f3 Nh5 18. Nf1 Nf4 19. Qd2 f5 20. Ne3 fxe4 {White must now prevent ...Bc6.} 21. Bxf4 $1 exf4 ({But not} 21... Rxf4 22. Nd5 $14) 22. Qd5+ Qxd5 23. Nxd5 Bd8 24. fxe4 Re8 25. Rd4 b4 (25... Be6 $15) 26. Nb1 a5 27. Nd2 Be6 28. Kf2 Kg7 29. Kf3 Bf7 30. Rd3 Re5 31. Re1 h5 32. Kf2 Bxd5 33. Rxd5 Rxd5 34. exd5 $15 {[%mdl 4096] Endgame KRB-KRN} Bb6+ 35. Ke2 {Black should prevent Kd3.} Be3 (35... Re8+ $15 36. Kd1 Rxe1+ 37. Kxe1 Kg6) 36. b3 $11 Kg6 37. Kd3 Rf8 38. Nf1 Bc5 39. Re6+ Kh7 40. Nd2 g4 41. Ke2 h4 42. Ne4 g3 43. Ng5+ $1 Kg7 44. h3 $1 {Nf3 is the strong threat.} f3+ ({Black should try} 44... Ra8 $14) 45. Nxf3 $16 {Strongly threatening Re4.} Rf4 46. Kf1 a4 47. Ke2 ({Much worse is} 47. bxa4 $6 Rxc4 48. Ng5 Rc3 $11) (47. Re8 $16) 47... a3 $2 ({Black should play} 47... Kf8 $1 $14) 48. Kf1 $1 $18 {[%cal Rf1e2]} Kh7 $2 {[#]} (48... Kf8 {might work better.} 49. Rh6 Re4 50. Rxh4 Re3) 49. Re4 $3 {[%cal Re4f4][%mdl 512]} Rf8 (49... Rxe4 50. Ng5+) 50. Rxh4+ Kg6 51. Rg4+ Kf5 52. Rxg3 Kf4 53. Rg6 Ke3 54. Re6+ Kd3 55. Re2 Be3 56. Ke1 Bh6 57. Kd1 Kc3 58. Rc2+ Kd3 59. Ne1+ Kd4 60. Re2 Kc3 61. Nf3 Rf7 (61... Bg7 $142 62. h4 Rf5) 62. Rc2+ Kd3 63. Ne1+ Kd4 64. Nf3+ Kd3 $1 65. Re2 Kc3 $1 {[#]} 66. Re6 $2 {Accuracy: White = 50%, Black = 52%.} (66. c5 $1) 1/2-1/2

[Event "Norwegian Team Championship 2019"]
[Site "Drammen"]
[Date "2019.06.01"]
[Round "4.2"]
[White "Agdestein, Simen"]
[Black "Elseth, Roar"]
[Result "*"]
[WhiteElo "2569"]
[BlackElo "2288"]
[Annotator "TA"]
[PlyCount "29"]
[EventDate "2019.05.30"]
[EventType "swiss"]
[EventCountry "NOR"]
[SourceTitle "playchess.com"]
[Source "ChessBase"]
[SourceQuality "1"]

{[%evp 12,17,-8,-19,-21,-20,-16,-28]} 1. c4 e5 2. Nc3 Nf6 3. g3 Bb4 4. Bg2 O-O 5. e4 Bxc3 6. dxc3 d6 7. Ne2 {The position is equal.} Be6 {A22: English Opening: 1...e5 2 Nc3 Nf6} (7... a6 8. a4 Be6 9. b3 Nbd7 10. O-O Nc5 11. Bg5 h6 12. Bxf6 Qxf6 13. Nc1 Qg6 14. Re1 f5 15. exf5 Qxf5 {0-1 (31) Mamedov,R (2660)-Harikrishna,P (2725) Bilbao 2014}) 8. b3 a5 9. f4 {Predecessor:} Bd7 $146 10. O-O Bc6 11. fxe5 dxe5 12. Qxd8 Rxd8 13. Bg5 Nbd7 14. Rf5 Re8 15. Raf1 {0-1 (23) Vaya Gomez,A (2141)-Ibarra Jerez,J (2387) Albacete 2003} *

[Event "Norwegian Team Championship 2019"]
[Site "Drammen"]
[Date "2019.06.01"]
[Round "4.2"]
[White "Agdestein, Simen"]
[Black "Ingebretsen, Jens E"]
[Result "1-0"]
[WhiteElo "2569"]
[BlackElo "2243"]
[Annotator "TA"]
[PlyCount "67"]
[EventDate "2019.05.30"]
[EventType "swiss"]
[EventCountry "NOR"]
[SourceTitle "playchess.com"]
[Source "ChessBase"]
[SourceQuality "1"]

{[%evp 12,69,-10,-20,-12,-22,-14,-45,-40,-35,17,22,27,32,31,17,67,64,61,84,73,72,84,44,100,99,91,84,84,54,127,59,176,155,200,232,364,350,644,658,872,820,849,243,246,173,3057,2810,1387,529,500,431,504,474,842,582,1000,746,29975,6012]} 1. c4 e5 2. Nc3 Nf6 3. g3 Bb4 4. Bg2 O-O 5. e4 Bxc3 6. dxc3 d6 7. Ne2 Be6 {A22: English Opening: 1...e5 2 Nc3 Nf6} (7... a6 8. a4 Be6 9. b3 Nbd7 10. O-O Nc5 11. Bg5 h6 12. Bxf6 Qxf6 13. Nc1 Qg6 14. Re1 f5 15. exf5 Qxf5 {0-1 (31) Mamedov,R (2660)-Harikrishna,P (2725) Bilbao 2014}) 8. b3 a5 9. f4 Na6 $146 {Black is slightly better.} ({Predecessor:} 9... Bd7 10. O-O Bc6 11. fxe5 dxe5 12. Qxd8 Rxd8 13. Bg5 Nbd7 14. Rf5 Re8 15. Raf1 {0-1 (23) Vaya Gomez,A (2141)-Ibarra Jerez,J (2387) Albacete 2003}) 10. O-O a4 (10... Nc5 $15) 11. f5 $11 Bd7 12. b4 b5 13. h3 Bc6 14. g4 bxc4 15. g5 Ne8 16. h4 {[%mdl 1024] White has strong compensation.} Bb7 17. f6 (17. Qxa4 $6 Nc5 $11) 17... c6 ({Black should try} 17... c5 $14) 18. Ng3 $16 (18. Qxa4 $6 Nc5 $15) 18... g6 19. h5 ({Much weaker is} 19. Qxa4 $6 Nc5 $11) 19... d5 20. Be3 ({But not} 20. Qxa4 $6 Nc5 $11) 20... Nac7 (20... Qd7 $1 $14) 21. Bc5 (21. Qg4 $16) 21... Nd6 {[#]} (21... Ne6 $14) 22. Qg4 $1 $18 Bc8 23. Qh4 Be6 (23... Ne6 {was necessary.} 24. hxg6 fxg6 25. exd5 Nxc5) 24. Rae1 Na6 $2 (24... Qd7 25. exd5 cxd5 26. Rxe5 Rab8) 25. exd5 Bxd5 26. Rxe5 Nxc5 27. bxc5 $2 (27. Bxd5 {Intending hxg6 and mate.} cxd5 28. bxc5) 27... Bxg2 28. Kxg2 $40 {[%mdl 128] White attacks with force.} Nb5 $2 (28... Nf5 29. Nxf5 gxf5) 29. hxg6 fxg6 {[#]} 30. Qxc4+ (30. f7+ $142 $1 {[%mdl 512]} Kh8 (30... Rxf7 31. Rxf7) 31. Qf4) 30... Rf7 31. Ne2 Qd2 32. Rf2 Rd8 (32... Qd7 $142 33. Rf3 Rd8 34. Qxa4 Re8) 33. Qxa4 h6 34. Nf4 {Played: Qa4-e4} 1-0